Protecting your property from flooding (Record no. 109575)

MARC details
000 -LEADER
fixed length control field 01596cad a22002415a 4500
001 - CONTROL NUMBER
control field E147474
008 - FIXED-LENGTH DATA ELEMENTS--GENERAL INFORMATION
fixed length control field 090514s2005 xxkao f 000 0 eng d
035 ## - SYSTEM CONTROL NUMBER
System control number (Sirsi) u147474
041 0# - LANGUAGE CODE
Language code of text/sound track or separate title eng
050 04 - LIBRARY OF CONGRESS CALL NUMBER
Classification number 627.4 $2 18
110 2# - MAIN ENTRY--CORPORATE NAME
Corporate name or jurisdiction name as entry element Scottish Environment Protection Agency
9 (RLIN) 3523
245 00 - TITLE STATEMENT
Title Protecting your property from flooding
Medium [electronic resource]
260 ## - PUBLICATION, DISTRIBUTION, ETC.
Place of publication, distribution, etc. [Stirling]
Name of publisher, distributor, etc. SEPA
Date of publication, distribution, etc. [2005]
505 2# - FORMATTED CONTENTS NOTE
Formatted contents note Introduction -- The sources of flooding -- Assessing the risk of flooding -- How water can enter your property -- How to protect your property -- Buying flood protection products -- Main types of flood protection products -- Wet proofing measures -- Useful contacts
520 ## - SUMMARY, ETC.
Summary, etc. Offers advice to home owners on preparing for fooding and making their property more flood resistant. Quotes research undertaken by the insurance industry which suggests that half a metre of floodwater in a modern semi-detached house will result in repairs costing an average of £15 000-£30 000 with the replacement of belongings costing a further £9 000. Advises that being prepared for flooding can reduce the cost of repairs and help to minimise the cleaning up operation.
521 ## - TARGET AUDIENCE NOTE
Target audience note Introductory
651 #4 - SUBJECT ADDED ENTRY--GEOGRAPHIC NAME
Geographic name Scotland
Chronological subdivision 1999-
690 ## - LOCAL SUBJECT ADDED ENTRY--TOPICAL TERM (OCLC, RLIN)
Topical term or geographic name as entry element ENVIRONMENTAL AND LAND CONSULTANCY-WATER RESOURCE MANAGEMENT-FLOODING
710 1# - ADDED ENTRY--CORPORATE NAME
Corporate name or jurisdiction name as entry element Association of British Insurers
9 (RLIN) 3272
710 1# - ADDED ENTRY--CORPORATE NAME
Corporate name or jurisdiction name as entry element Construction Industry Research and Information Association
9 (RLIN) 4810
856 40 - ELECTRONIC LOCATION AND ACCESS
Uniform Resource Identifier <a href="https://www.sepa.org.uk/flooding/flooding_publications.aspx">https://www.sepa.org.uk/flooding/flooding_publications.aspx</a>
Public note View the guide free of charge at www.sepa.org.uk...
942 ## - ADDED ENTRY ELEMENTS (KOHA)
Suppress in OPAC 0
Holdings
Withdrawn status Lost status Source of classification or shelving scheme Damaged status Not for loan Home library Current library Shelving location Date acquired Total Checkouts Full call number Barcode Date last seen Copy number Price effective from Koha item type
    Dewey Decimal Classification     Virtual Virtual Online 14/05/2009   ONLINE PUBLICATION 147474-2001 06/08/2019 1 06/08/2019 Book